00238as aa2200109a 44500090002000000245002800020260002300048310001400071041001400085942001200099999001700111 aSERIADASb0161510aAgua^sun bien público bEcofondoaColombia aIRREGULAR0 aEspañol cREVISTA c17376d17376